Statistics for Electric Type Pokemon Attacks

Click here to take the quiz!

General Stats

  • This quiz has been taken 210 times
  • The average score is 15 of 27

Answer Stats

Attacks% Correct
Thunder
100%
Thunderbolt
94%
Thunder Wave
87%
Thunder Shock
84%
Thunder Punch
77%
Charge
73%
Volt Tackle
73%
Electro Ball
65%
Thunder Fang
65%
Discharge
63%
Spark
63%
Shock Wave
58%
Charge Beam
56%
Nuzzle
56%
Volt Switch
52%
Wild Charge
52%
Zap Cannon
49%
Electric Terrain
48%
Fusion Bolt
48%
Electroweb
42%
Bolt Strike
40%
Parabolic Charge
37%
Magnet Rise
34%
Ion Deluge
28%
Eerie Impulse
27%
Magnetic Flux
24%
Electrify
23%

Score Distribution

Percentile by Number Answered

Percent of People with Each Score

Your Score History

You have not taken this quiz